| 000 | 00454nam a2200181Ia 4500 | ||
|---|---|---|---|
| 003 | GCL | ||
| 008 | 140319s9999 xx 000 0 eng d | ||
| 040 |
_aGCL / _cGCL |
||
| 082 | 0 | 4 |
_a708.962 _bM M |
| 100 | 1 | _aMOSTAFA, AHMED | |
| 245 | 1 | 0 |
_aTHE MUSEUM OF ISLAMIC ART / _cMOSTAFA, AHMED |
| 260 |
_a[S.N] : _bTHE MUSEUM OF ISLAMIC ART ، _c1955 |
||
| 300 | _a95 P | ||
| 650 | 0 | 4 | _aMUSEUMS |
| 650 | 0 | 4 | _aARTS |
| 650 | 0 | 4 | _aISLAM - ARTS |
| 942 |
_2ddc _cBK |
||
| 999 |
_c19569 _d19569 |
||